00524nam a2200181 a 4500001001300000003000900013005001700022008004100039020001000080082001300090245002000103260004600123300000800169500003500177505007500212650002400287710003100311nice12345678IN_TiNIC20260116012031.0050524s0000 luca grp 000 0 urd  ac10000a242bMET aIbadat Ki Kitab aLucknowbMethodist Publishing Housec0000 a44p aincludes index and biblioraphy2 areprinted from"the bulletin of the John Rylands library 1927,V.11,No.1 aPrayer-Christianity2 aMethodist Publishing House